Statistics for NCAA Tournament Teams 2017

Click here to take the quiz!

General Stats

  • This quiz has been taken 6,228 times
  • The average score is 35 of 68

Answer Stats

RegionSeedSchool% Correct
South1North Carolina
92%
East2Duke
90%
Midwest1Kansas
89%
South3UCLA
89%
South2Kentucky
88%
East4Florida
86%
Midwest7Michigan
85%
East1Villanova
83%
West1Gonzaga
82%
Midwest3Oregon
80%
West2Arizona
78%
Midwest9Michigan State
76%
East8Wisconsin
74%
West3Florida State
72%
East11USC
72%
East7South Carolina
71%
East5Virginia
71%
Midwest2Louisville
64%
East3Baylor
61%
Midwest4Purdue
59%
South11Kansas State
58%
South5Minnesota
58%
West5Notre Dame
58%
West4West Virginia
58%
Midwest5Iowa State
57%
Midwest8Miami
57%
Midwest10Oklahoma State
57%
West11Xavier
57%
South8Arkansas
55%
West6Maryland
55%
West8Northwestern
55%
South4Butler
53%
West12Princeton
50%
East9Virginia Tech
49%
South10Wichita State
49%
South12Middle Tenn. State
47%
Midwest11Rhode Island
46%
West7St. Mary's
46%
South6Cincinnati
45%
West9Vanderbilt
44%
Midwest6Creighton
43%
East6SMU
42%
South11Wake Forest
40%
East10Marquette
39%
South7Dayton
38%
Midwest12Nevada
38%
West14Florida Gulf Coast
37%
West10VCU
36%
East14New Mexico State
35%
East11Providence
35%
South9Seton Hall
35%
Midwest13Vermont
34%
West15North Dakota
33%
West16South Dakota State
32%
East16Mount St. Mary's
30%
Midwest16UC Davis
29%
East12UNC Wilmington
29%
East13East Tennessee State
28%
Midwest14Iona
28%
South15Northern Kentucky
28%
South14Kent State
25%
East15Troy
25%
West13Bucknell
24%
South16Texas Southern
23%
East16New Orleans
22%
Midwest15Jacksonville State
21%
Midwest16North Carolina Central
20%
South13Winthrop
19%

Score Distribution

Percentile by Number Answered

Percent of People with Each Score

Your Score History

You have not taken this quiz